En el cruce de caminos : (Registro nro. 41163)
[ vista simple ]
| 000 -CABECERA | |
|---|---|
| Longitud fija campo de control | 01387nam a2200361Ia 4500 |
| 001 - NÚMERO DE CONTROL | |
| Número de control | 427835 |
| 003 - IDENTIFICADOR DEL NÚMERO DE CONTROL | |
| Identificador del número de control | EC-QuCCB |
| 005 - FECHA Y HORA DE LA ÚLTIMA TRANSACCIÓN | |
| Fecha y hora de la última transacción | 20251024155214.0 |
| 007 - CAMPO FIJO DE DESCRIPCIÓN FÍSICA--INFORMACIÓN GENERAL | |
| Campo fijo de descripción física | ta |
| 008 - DATOS DE LONGITUD FIJA--INFORMACIÓN GENERAL | |
| Códigos de información de longitud fija | 130917s2012 ec gr 001 0 spa d |
| 020 ## - NÚMERO INTERNACIONAL ESTÁNDAR DEL LIBRO | |
| Número Internacional Normalizado para Libros (ISBN) | 978-9978-67-325-6 (FLACSO) |
| Número Internacional Normalizado para Libros (ISBN) | 978-9942-09-056-0 (Abya-Yala) |
| 040 ## - FUENTE DE LA CATALOGACIÓN | |
| Centro catalogador de origen | EC-QuCCB |
| 041 0# - CÓDIGO DE LENGUA | |
| Código de lengua del texto;banda sonora o título independiente | spa |
| 043 ## - CÓDIGO DE ÁREA GEOGRÁFICA | |
| Código de área geográfica | s-ec |
| 082 ## - NÚMERO DE LA CLASIFICACIÓN DECIMAL DEWEY | |
| Número de clasificación | 305.898 |
| Número de documento | V468 |
| 084 ## - OTRO NÚMERO DE CLASIFICACIÓN | |
| Número de clasificación | FER2Lb003307 |
| 100 1# - ENTRADA PRINCIPAL--NOMBRE DE PERSONA | |
| Nombre de persona | Ventura i Oller, Montserrat, |
| 9 (RLIN) | 8596 |
| 245 10 - MENCIÓN DE TÍTULO | |
| Título | En el cruce de caminos : |
| Parte restante del título | identidad, cosmología y chamanismo tsachila |
| Mención de responsabilidad, etc. | Monserrat Ventura i Oller ; Traducción de María Rosa Álvarez Orgaz |
| 250 ## - MENCIÓN DE EDICIÓN | |
| Mención de edición | Primera edición |
| 260 ## - PUBLICACIÓN, DISTRIBUCIÓN, ETC. (PIE DE IMPRENTA) | |
| Lugar de publicación, distribución, etc. | Quito, Ecuador : |
| Nombre del editor, distribuidor, etc. | Universitat Autonomade Barcelona - UAB, |
| Fecha de publicación, distribución, etc. | 2012 |
| 300 ## - DESCRIPCIÓN FÍSICA | |
| Extensión | 305 páginas ; |
| Dimensiones | 21 cm |
| 336 ## - TIPO DE CONTENIDO | |
| Content type term | texto |
| Content type code | txt |
| 337 ## - TIPO DE MEDIO | |
| Media type term | no mediado |
| Media type code | n |
| 338 ## - TIPO DE PORTADOR | |
| Carrier type term | volumen |
| Carrier type code | nc |
| 505 1# - NOTA DE CONTENIDO CON FORMATO | |
| Nota de contenido con formato preestablecido | Nota sobre la transcripción de tsafiki -- Introducción -- I. Crónicas en el cruce. 1. Una historia hecha de relaciones -- De la selva a las comunas -- La etnogénesis colonial -- Los intercambios -- La retirada -- Los recorridos contemporáneos ... |
| 650 ## - PUNTO DE ACCESO ADICIONAL DE MATERIA--TÉRMINO DE MATERIA | |
| Nombre de materia o nombre geográfico como elemento de entrada | Chamanismo |
| 9 (RLIN) | 11440 |
| Nombre de materia o nombre geográfico como elemento de entrada | Cosmología |
| 9 (RLIN) | 11764 |
| Nombre de materia o nombre geográfico como elemento de entrada | Tsáchilas |
| 9 (RLIN) | 16241 |
| 700 1# - PUNTO DE ACCESO ADICIONAL--NOMBRE DE PERSONA | |
| Nombre de persona | Álvarez Orgaz, María Rosa, |
| 9 (RLIN) | 44023 |
| Término indicativo de función | traductora, |
| 856 ## - LOCALIZACIÓN Y ACCESO ELECTRÓNICOS | |
| Identificador Uniforme del Recurso (URI) | <a href="https://biblio.flacsoandes.edu.ec/libros/127720-opac">https://biblio.flacsoandes.edu.ec/libros/127720-opac</a> |
| 942 ## - ELEMENTOS DE PUNTO DE ACCESO ADICIONAL (KOHA) | |
| Fuente de clasificaión o esquema | Número de Clasificación Local |
| Koha [por defecto] tipo de item | Monografía |
| Suprimido | Perdido | Fuente de clasificación o esquema | Estropeado | Restricciones de uso | No se presta | Koha Colección | Localización (Biblioteca) | Localización actual | Localización en estanterías | Fecha adquisición | Préstamos totales | Clasificación completa | Designación de pieza (código de barras) | Fecha última consulta | Número de ejemplar | Fecha del precio de reemplazo | Tipo de item de Koha |
|---|---|---|---|---|---|---|---|---|---|---|---|---|---|---|---|---|---|
| Disponible | Número de Clasificación Local | Sin daños | Sin restricciones de uso | Disponible para préstamo | CIENCIAS SOCIALES | Biblioteca y Archivo de la CCE | Biblioteca y Archivo de la CCE | CIENCIAS SOCIALES | 14/10/2025 | FER2Lb003307 | E0023341 | 16/02/2017 | Ej. 1 | 16/02/2017 | Monografía |























